00434nam a2200145Ia 4500003000500000005001700005008004100022020001800063050002400081100001700105245007100122260004900193300002400242650002200266PILC20160218151011.0140429s9999 xx 000 0 und d a9789719367161 aBJ 1470b.Sa55 2007 aSanchez, Bo. aStop hidden addictions :b7 secrets to real freedom /cBo Sanchez. aQuezon City :bShepherd's Voice Pub.,c2007. a169 pages ;c22 cm. aSelf-realization.